000 00462nam a2200181Ia 4500
001 20713
005 20260306172826.0
008 260306t2011||||xx |||||||||||||| ||spa||
041 _aESP
082 _a343.7
_bG312A
100 _aRetamozo Linares, Alberto
_eAUT
245 0 _aManual de la ley del procedimiento administrativo general
260 _c2011
300 _a215 páginas :
_c24 cm.
650 _aGEN
654 _aCDE
942 _cLIB
_dJUS
_fJUS
_2ddc
_n
999 _c20713
_d20713